<?xml version="1.0" encoding="UTF-8"?>
<record
    xmlns:xsi="http://www.w3.org/2001/XMLSchema-instance"
    xsi:schemaLocation="http://www.loc.gov/MARC21/slim http://www.loc.gov/standards/marcxml/schema/MARC21slim.xsd"
    xmlns="http://www.loc.gov/MARC21/slim">

  <leader>01142nam a22002897a 4500</leader>
  <datafield tag="999" ind1=" " ind2=" ">
    <subfield code="c">114980</subfield>
    <subfield code="d">114980</subfield>
  </datafield>
  <controlfield tag="003">dpl</controlfield>
  <controlfield tag="005">20181116152218.0</controlfield>
  <controlfield tag="008">181116b           ||||| |||| 00| 0 eng d</controlfield>
  <datafield tag="010" ind1=" " ind2=" ">
    <subfield code="a">B-067467</subfield>
  </datafield>
  <datafield tag="020" ind1=" " ind2=" ">
    <subfield code="c">90.00</subfield>
  </datafield>
  <datafield tag="035" ind1=" " ind2=" ">
    <subfield code="a">B-067467,  B-067471</subfield>
  </datafield>
  <datafield tag="037" ind1=" " ind2=" ">
    <subfield code="b">Cen Lib/Ret</subfield>
  </datafield>
  <datafield tag="040" ind1=" " ind2=" ">
    <subfield code="a">DPL</subfield>
    <subfield code="b">HN</subfield>
    <subfield code="c">0</subfield>
  </datafield>
  <datafield tag="082" ind1=" " ind2=" ">
    <subfield code="a">&#x909; </subfield>
    <subfield code="b">&#x91F;&#x93F;&#x935;&#x93E;&#x923;&#x93E; </subfield>
  </datafield>
  <datafield tag="100" ind1=" " ind2=" ">
    <subfield code="a">&#x91F;&#x93F;&#x935;&#x93E;&#x923;&#x93E; , &#x926;&#x93F;&#x932;&#x940;&#x92A; &#x915;&#x94C;&#x930; </subfield>
    <subfield code="9">59309</subfield>
  </datafield>
  <datafield tag="245" ind1=" " ind2=" ">
    <subfield code="a">&#x939;&#x938;&#x94D;&#x924;&#x93E;&#x915;&#x94D;&#x937;&#x930;  /</subfield>
    <subfield code="c"> &#x926;&#x93F;&#x932;&#x940;&#x92A; &#x915;&#x94C;&#x930; &#x91F;&#x93F;&#x935;&#x93E;&#x923;&#x93E; </subfield>
  </datafield>
  <datafield tag="246" ind1=" " ind2=" ">
    <subfield code="a">Hastakshar </subfield>
    <subfield code="b"> by Dilip Kour Tivana </subfield>
  </datafield>
  <datafield tag="260" ind1=" " ind2=" ">
    <subfield code="a"> &#x926;&#x93F;&#x932;&#x94D;&#x932;&#x940;</subfield>
    <subfield code="b">&#x936;&#x94D;&#x930;&#x940; &#x92A;&#x94D;&#x930;&#x915;&#x93E;&#x936;&#x928; </subfield>
    <subfield code="c">2001</subfield>
  </datafield>
  <datafield tag="270" ind1=" " ind2=" ">
    <subfield code="a">4/32,&#x938;&#x941;&#x92D;&#x93E;&#x937; &#x917;&#x932;&#x940; &#x935;&#x93F;&#x936;&#x94D;&#x935;&#x93E;&#x938; &#x928;&#x917;&#x930; &#x936;&#x93E;&#x939;&#x926;&#x930;&#x93E; </subfield>
    <subfield code="b">  &#x926;&#x93F;&#x932;&#x94D;&#x932;&#x940;</subfield>
    <subfield code="e">110032</subfield>
  </datafield>
  <datafield tag="300" ind1=" " ind2=" ">
    <subfield code="a">96&#x92A;&#x943;&#x937;&#x94D;&#x920;. </subfield>
    <subfield code="c">21&#x938;&#x947;&#x92E;&#x940;(&#x938;&#x91C;&#x93F;&#x932;&#x94D;&#x926;)</subfield>
  </datafield>
  <datafield tag="650" ind1=" " ind2=" ">
    <subfield code="a">&#x939;&#x93F;&#x902;&#x926;&#x940; &#x938;&#x93E;&#x939;&#x93F;&#x924;&#x94D;&#x92F; </subfield>
    <subfield code="9">59310</subfield>
  </datafield>
  <datafield tag="650" ind1=" " ind2=" ">
    <subfield code="a">&#x939;&#x93F;&#x902;&#x926;&#x940; &#x909;&#x92A;&#x928;&#x94D;&#x92F;&#x93E;&#x938; </subfield>
    <subfield code="9">59311</subfield>
  </datafield>
  <datafield tag="650" ind1=" " ind2=" ">
    <subfield code="a">hindi literature</subfield>
    <subfield code="9">59312</subfield>
  </datafield>
  <datafield tag="650" ind1=" " ind2=" ">
    <subfield code="a">hindi novel</subfield>
    <subfield code="9">59313</subfield>
  </datafield>
  <datafield tag="700" ind1=" " ind2=" ">
    <subfield code="a">&#x928;&#x93E;&#x917;&#x92A;&#x93E;&#x932; ,&#x930;&#x92E;&#x923; </subfield>
    <subfield code="9">59314</subfield>
  </datafield>
  <datafield tag="942" ind1=" " ind2=" ">
    <subfield code="2">ddc</subfield>
    <subfield code="c">HN</subfield>
    <subfield code="h">&#x909; </subfield>
    <subfield code="m">&#x91F;&#x93F;&#x935;&#x93E;&#x923;&#x93E; </subfield>
  </datafield>
  <datafield tag="952" ind1=" " ind2=" ">
    <subfield code="0">0</subfield>
    <subfield code="1">0</subfield>
    <subfield code="4">0</subfield>
    <subfield code="7">0</subfield>
    <subfield code="a">L</subfield>
    <subfield code="b">L</subfield>
    <subfield code="d">2015-08-19</subfield>
    <subfield code="e">Cen Lib/Ret</subfield>
    <subfield code="g">90.00</subfield>
    <subfield code="l">2</subfield>
    <subfield code="o">&#x909;  &#x91F;&#x93F;&#x935;&#x93E;&#x923;&#x93E;</subfield>
    <subfield code="p">B-067467</subfield>
    <subfield code="r">2026-03-25 00:00:00</subfield>
    <subfield code="s">2026-03-10</subfield>
    <subfield code="t">1</subfield>
    <subfield code="v">90.00</subfield>
    <subfield code="w">2015-08-19</subfield>
    <subfield code="y">HN</subfield>
  </datafield>
  <datafield tag="952" ind1=" " ind2=" ">
    <subfield code="0">0</subfield>
    <subfield code="1">0</subfield>
    <subfield code="2">ddc</subfield>
    <subfield code="4">0</subfield>
    <subfield code="7">0</subfield>
    <subfield code="8">FIC</subfield>
    <subfield code="a">BL4</subfield>
    <subfield code="b">BL4</subfield>
    <subfield code="d">2018-11-16</subfield>
    <subfield code="e">BPPD/PUB</subfield>
    <subfield code="g">90.00</subfield>
    <subfield code="l">1</subfield>
    <subfield code="o">&#x909;  &#x91F;&#x93F;&#x935;&#x93E;&#x923;&#x93E;</subfield>
    <subfield code="p">B-067471</subfield>
    <subfield code="r">2018-11-28 00:00:00</subfield>
    <subfield code="s">2018-11-16</subfield>
    <subfield code="v">90.00</subfield>
    <subfield code="w">2018-11-16</subfield>
    <subfield code="y">HN</subfield>
  </datafield>
  <datafield tag="952" ind1=" " ind2=" ">
    <subfield code="0">0</subfield>
    <subfield code="1">0</subfield>
    <subfield code="2">ddc</subfield>
    <subfield code="4">0</subfield>
    <subfield code="7">0</subfield>
    <subfield code="8">FIC</subfield>
    <subfield code="a">BL1</subfield>
    <subfield code="b">BL1</subfield>
    <subfield code="c">FIC</subfield>
    <subfield code="d">2003-03-31</subfield>
    <subfield code="e">BPPD/PUB</subfield>
    <subfield code="g">90.00</subfield>
    <subfield code="l">0</subfield>
    <subfield code="o">&#x909;  &#x91F;&#x93F;&#x935;&#x93E;&#x923;&#x93E;</subfield>
    <subfield code="p">B-067468</subfield>
    <subfield code="r">2020-02-10 00:00:00</subfield>
    <subfield code="t">1</subfield>
    <subfield code="v">90.00</subfield>
    <subfield code="w">2020-02-10</subfield>
    <subfield code="y">HN</subfield>
  </datafield>
</record>
